000 00298nam a22001337a 4500
008 170920b xxu||||| |||| 00| 0 eng d
020 _a9781933538730
041 _aeng
080 _a7
100 _a45
101 _aART
245 _aIDEAS AND ADVENTURES 1200-1700
_cSEHERR,S.P
942 _2udc
_cBK
999 _c28378
_d28378